| 000 | 01039naa a2200265 c 4500 | ||
|---|---|---|---|
| 001 | 48420 | ||
| 003 | ES-MaCES | ||
| 005 | 20161021145829.0 | ||
| 008 | 161021s2016 sp ||||| t||||||| ||spa d | ||
| 040 |
_aES-MaCES _bspa _cES-MaCES _dES-MaCES |
||
| 100 | 1 |
_937436 _aFraguas Madurga, Lourdes |
|
| 245 | 1 | 3 |
_aEl reconocimiento por la negociación colectiva de los derechos laborales de las víctimas de violencia de género _cLourdes Fraguas Madurga |
| 500 | _aResumen | ||
| 504 | _aBibliografía: p. 298-299 | ||
| 650 | 4 |
_928362 _anegociación colectiva |
|
| 650 | 4 |
_928361 _aconvenio colectivo |
|
| 650 | 4 |
_929924 _aderechos de los trabajadores |
|
| 650 | 4 |
_928657 _amujeres |
|
| 650 | 4 |
_929555 _aacoso sexual |
|
| 650 | 4 |
_929388 _aviolencia |
|
| 653 | 1 | 0 | _aMujer |
| 773 | 0 |
_985183 _dMadrid (Ignacio Ellacuría, 3, 28017) Civitas _o088081 _tNueva revista española de Derecho del trabajo _w(ES-MaCES)25060 _gn. 188 (jun. 2016) {10040 R. 088081} ;p.249-299 |
|
| 902 | _aART Artículo de revista | ||
| 942 |
_2CES _cAR _h3.3. |
||
| 999 |
_c48420 _d48420 |
||